00782naa a22001817i 4500001000700000003000900007005001700016008004100033040001300074100002900087245019600116500002000312504004100332650003800373650002600411650001900437773014400456232415ES-MaBCM20260219172043.0260219s2023 sp ||||| |||| 00| 0 spa d cES-MaBCM1 aQuispe Remón, Florabel13aEl derecho internacional de los derechos humanos :bel ius cogens y su relación con las salvaguardias para proteger los derechos de las personas condenadas a muertecFlorabel Quispe Remón aContiene tablas aIncluye referencias bibliográficas 7aDerecho internacional humanitario 7aDerecho del individuo 7aPena de muerte0 dValencia : Tirant lo Blanch , 2023gp. [193]-221 - Loc. 62618tLa crueldad en las constituciones y en los convenios internacionalesw225307